[Event "New York CITS"]
[Site "New York"]
[Date "1996.??.??"]
[Round "9"]
[White "Serper, Grigory"]
[Black "Wolff, Patrick G"]
[Result "0-1"]
[WhiteElo "2540"]
[BlackElo "2565"]
[PlyCount "90"]
[EventDate "1996.03.??"]
[EventType "tourn"]
[EventRounds "11"]
[EventCountry "USA"]
[EventCategory "13"]
[SourceTitle "CBM 052"]
[Source "ChessBase"]
[SourceDate "1996.06.01"]
[SourceVersion "1"]
[SourceVersionDate "1996.06.01"]
[SourceQuality "1"]

1. c4 c5 2. Nf3 Nc6 3. d4 cxd4 4. Nxd4 Nf6 5. g3 Qa5+ 6. Nc3 Ne4 7. Nxc6 dxc6 8. Qa4 Qxa4 9. Nxa4 e5 10. a3 Be6 11. e3 Ng5 12. Be2 Bh3 13. Rg1 h5 14. f4 Ne4 15. Nc3 Nxc3 16. bxc3 0-0-0 17. Ra2 Bc5 18. Rd2 Rde8 19. Rd1 g6 20. Kf2 Re7 21. Rge1 Rhe8 22. Bf3 Be6 23. Kg2 Bf5 24. fxe5 Rxe5 25. Rd4 R5e7 26. Rf4 Bxe3 27. Bxe3 Rxe3 28. Rxe3 Rxe3 29. Bxh5 Rxc3 30. a4 Rc2+ 31. Kg1 Be6 32. Bf3 Rxc4 33. Rxc4 Bxc4 34. h4 f5 35. Kf2 Kd7 36. Ke3 Ke6 37. Kd4 Bd5 38. Bd1 b6 39. g4 c5+ 40. Ke3 Ke5 41. g5 Bf7 42. Be2 c4 43. Bf3 Bd5 44. h5 f4+ 45. Kf2 gxh5 0-1

[Event "Chicago op"]
[Site "Chicago"]
[Date "1996.??.??"]
[Round "?"]
[White "Sevillano, Enrico"]
[Black "Wolff, Patrick G"]
[Result "1-0"]
[WhiteElo "2470"]
[BlackElo "2565"]
[PlyCount "79"]
[EventDate "1996.??.??"]
[EventType "swiss"]
[EventRounds "9"]
[EventCountry "USA"]
[SourceTitle "EXT 2001"]
[Source "ChessBase"]
[SourceDate "2000.11.22"]
[SourceVersion "1"]
[SourceVersionDate "2000.11.22"]
[SourceQuality "1"]

1. d4 Nf6 2. c4 g6 3. Nc3 d5 4. cxd5 Nxd5 5. e4 Nxc3 6. bxc3 Bg7 7. Qa4+ Nd7 8. Bg5 0-0 9. Qa3 c5 10. Rd1 Qc7 11. Nf3 Nf6 12. e5 Ne4 13. Bd3 Nxg5 14. Nxg5 Bg4 15. f3 Bd7 16. 0-0 cxd4 17. cxd4 Bc6 18. Be4 e6 19. Bxc6 Qxc6 20. Ne4 Qb6 21. Nc5 Rfd8 22. Qe3 Qb2 23. Rd2 Qb4 24. a3 Qb5 25. Ne4 Rd7 26. Rfd1 Rad8 27. g4 Qb6 28. Kf2 Rd5 29. h4 Rb5 30. h5 Rb3 31. Qf4 Rb2 32. Kg3 Rxd2 33. Rxd2 gxh5 34. gxh5 h6 35. Kh2 Kf8 36. Nd6 f5 37. Rg2 Rd7 38. Rg6 Qb3 39. Qc1 Qb6 40. Rxe6 1-0

[Event "National op 10'"]
[Site "Las Vegas"]
[Date "1996.??.??"]
[Round "?"]
[White "Wolff, Patrick G"]
[Black "Browne, Walter Shawn"]
[Result "0-1"]
[WhiteElo "2565"]
[BlackElo "2535"]
[PlyCount "94"]
[EventDate "1996.??.??"]
[EventType "match"]
[EventRounds "2"]
[EventCountry "USA"]
[SourceTitle "EXT 2001"]
[Source "ChessBase"]
[SourceDate "2000.11.22"]
[SourceVersion "1"]
[SourceVersionDate "2000.11.22"]
[SourceQuality "1"]

1. e4 c5 2. Nf3 d6 3. d4 cxd4 4. Nxd4 Nf6 5. Nc3 a6 6. Be2 e5 7. Nb3 Be7 8. a4 0-0 9. 0-0 Nbd7 10. Kh1 b6 11. f3 Bb7 12. Be3 Qc7 13. Rf2 Rfd8 14. Bf1 Rac8 15. Rd2 Qb8 16. Nc1 Nc5 17. N1a2 a5 18. b3 Ncd7 19. Bb5 Rc7 20. Bf1 Rcc8 21. Nb5 d5 22. exd5 Nxd5 23. Qe1 Nxe3 24. Qxe3 Bc5 25. Qe1 Nf6 26. Rxd8+ Rxd8 27. Nac3 e4 28. Be2 Qf4 29. Rd1 Re8 30. Qg3 Nh5 31. Qh3 exf3 32. Bxf3 Bxf3 33. Qxf3 Qxf3 34. gxf3 g6 35. Ne4 f5 36. Nxc5 bxc5 37. Nc3 Nf4 38. Kg1 Re3 39. Nd5 Nxd5 40. Rxd5 Rc3 41. Rd8+ Kg7 42. Ra8 Rxc2 43. Rxa5 c4 44. b4 Rb2 45. Kf1 c3 46. Ke1 Rb1+ 47. Ke2 c2 0-1

[Event "New York CITS"]
[Site "New York"]
[Date "1996.??.??"]
[Round "8"]
[White "Wolff, Patrick G"]
[Black "De Firmian, Nick E"]
[Result "1-0"]
[WhiteElo "2565"]
[BlackElo "2595"]
[PlyCount "87"]
[EventDate "1996.03.??"]
[EventType "tourn"]
[EventRounds "11"]
[EventCountry "USA"]
[EventCategory "13"]
[SourceTitle "CBM 052"]
[Source "ChessBase"]
[SourceDate "1996.06.01"]
[SourceVersion "1"]
[SourceVersionDate "1996.06.01"]
[SourceQuality "1"]

1. e4 Nf6 2. e5 Nd5 3. d4 d6 4. Nf3 dxe5 5. Nxe5 g6 6. g3 Nd7 7. Bg2 Nxe5 8. dxe5 c6 9. 0-0 Bg7 10. Qe2 Be6 11. b3 Qc8 12. Bb2 Bh3 13. Nd2 Bxg2 14. Kxg2 0-0 15. c4 Nc7 16. Ne4 Qf5 17. f4 Ne6 18. Qf3 h5 19. h3 Bh6 20. Rae1 Rad8 21. Rf2 h4 22. g4 Nxf4+ 23. Kh2 Qe6 24. Nc5 Qc8 25. Bc1 b6 26. Ne4 Rd3 27. Re3 Nxh3 28. Kxh3 Bxe3 29. Bxe3 Qe6 30. Qf4 f5 31. Kxh4 Rxe3 32. Qxe3 fxe4 33. Rxf8+ Kxf8 34. Qxe4 Kg7 35. Kg5 c5 36. a3 a6 37. a4 Kf7 38. Qe3 Kg7 39. a5 Qc6 40. axb6 Qxb6 41. Qh3 Kg8 42. Qd3 Kf7 43. Qd5+ Kf8 44. e6 1-0

[Event "National op"]
[Site "Las Vegas"]
[Date "1996.??.??"]
[Round "?"]
[White "Wolff, Patrick G"]
[Black "Kaptsan, Aron"]
[Result "1/2-1/2"]
[WhiteElo "2565"]
[BlackElo "2185"]
[PlyCount "67"]
[EventDate "1996.??.??"]
[EventType "swiss"]
[EventRounds "9"]
[EventCountry "USA"]
[SourceTitle "EXT 2001"]
[Source "ChessBase"]
[SourceDate "2000.11.22"]
[SourceVersion "1"]
[SourceVersionDate "2000.11.22"]
[SourceQuality "1"]

1. e4 g6 2. d4 Bg7 3. Nf3 d6 4. Be2 Nf6 5. Nc3 0-0 6. 0-0 Bg4 7. a4 a5 8. h3 Bxf3 9. Bxf3 e5 10. dxe5 dxe5 11. Qe2 c6 12. Rd1 Qc7 13. Be3 Na6 14. Nb1 Rfd8 15. Nd2 Bf8 16. Bg5 Kg7 17. Nc4 h6 18. Bd2 Bb4 19. c3 Bc5 20. Rab1 b5 21. axb5 cxb5 22. Nxa5 Qxa5 23. b4 Bxf2+ 24. Kxf2 Qb6+ 25. Qe3 Qxe3+ 26. Kxe3 Ne8 27. Be2 Nd6 28. Be1 Nc7 29. Ra1 Rxa1 30. Rxa1 Ra8 31. Rd1 Ra6 32. Bh4 f6 33. Be1 Kf7 34. Kd3 1/2-1/2